| 000 | 00790cam a22002535a 4500 | ||
|---|---|---|---|
| 001 | 16666524 | ||
| 005 | 20201128024201.0 | ||
| 008 | 110225s2011 enka frb 001 0 eng d | ||
| 020 | _a0756668611 | ||
| 020 | _a9780756668617 | ||
| 040 |
_aB2A _cB2A _dQBX _dGO6 _dDLC _dEG-ScBUE _beng |
||
| 082 | 0 | 4 |
_a100 _222 _bPHI |
| 245 | 0 | 4 |
_aThe philosophy book / _c[contributors Will Buckingham ... [et al.]] |
| 250 | _a1st American ed. | ||
| 260 |
_aLondon : _bDK Publisher, _c2011. |
||
| 300 |
_a352 p. : _bill. ; _c25 cm. |
||
| 504 | _aIncludes bibliographical references and index. | ||
| 650 | 7 |
_aPhilosophy _vIntroductions. _2BUEsh _9687 |
|
| 651 | _2BUEsh | ||
| 653 |
_bBUSADM _cNovember2017 |
||
| 655 |
_vReading book _934232 |
||
| 700 | 1 |
_aBuckingham, Will, _econtributor. _97795 |
|
| 942 | _2ddc | ||
| 999 |
_c25593 _d25565 |
||